00538nam a22001697a 4500003000400000008004100004082002000045100002400065245014200089260006100231300001000292502001600302650001700318650001100335650001100346650001100357OSt260429b |||||||| |||| 00| 0 eng d a635.93379bT76G aDas, Kumar Tribeni. aGenotype and Environment Interaction and Stability for Yield and Yield Components in Chilli (Capsicum annuum L.) / cby Kumar Tribeni Das aSabour, BhagalpurbBihar Agricultural College, RAUc2006 a107p. bPh.D.d2006 aHorticulture aChilli aThesis aPh. D.